MODEL PROGRAMS IN CHILD & FAMILY MENTAL HEALTH (Record no. 361135)

MARC details
000 -LEADER
fixed length control field 00365nam a2200133Ia 4500
008 - FIXED-LENGTH DATA ELEMENTS--GENERAL INFORMATION
fixed length control field 230516s1996 xx 000 0 und d
041 ## - LANGUAGE CODE
Language code of text/sound track or separate title eng
082 ## - DEWEY DECIMAL CLASSIFICATION NUMBER
Classification number 362.2083
100 ## - MAIN ENTRY--PERSONAL NAME
Personal name ROBERTS M.C.
245 ## - TITLE STATEMENT
Title MODEL PROGRAMS IN CHILD & FAMILY MENTAL HEALTH
260 ## - PUBLICATION, DISTRIBUTION, ETC.
Place of publication, distribution, etc. NEW JERSEY
Name of publisher, distributor, etc. LEA AND FEBIGER PHILADELPHIA
Date of publication, distribution, etc. 1996
300 ## - PHYSICAL DESCRIPTION
Extent 422
650 ## - SUBJECT ADDED ENTRY--TOPICAL TERM
Topical term or geographic name entry element GENERAL MANAGEMENT
Holdings
Withdrawn status Lost status Damaged status Not for loan Collection Home library Current library Shelving location Date acquired Source of acquisition Cost, normal purchase price Total Checkouts Full call number Barcode Date last seen Price effective from Koha item type
          College of Physical Education, Pune College of Physical Education, Pune R5/6 23/04/2012 SAHNI PUBLICATION 4290.61   362.2083 PEP-MPED-121 16/05/2023 16/05/2023 Book